000 00611nam a22002057a 4500
005 20160125100144.0
008 100720s2010 nyua 001 0 eng
020 _a9780071741378 (alk. paper)
020 _a0071741372 (alk. paper)
041 0 _aeng
080 _a004
100 1 _aScheidel, Jeff.
245 1 0 _aDesigning an IAM framework with Oracle identity and access management suite /
_cJeff Scheidel.
260 _aNew York :
_bOracle/McGraw-Hill,
_c2010.
300 _a340 f. :
_bme il.;
_c24 cm.
505 _aIndex: f. 329 - 340
650 0 _aKompjuterat
650 0 _aProgramimi
942 _2udc
_cBK
999 _c636
_d636